IV Jornadas de Intercambio de Experiencias de Investigación del IEI / (Record no. 11065)
[ view plain ]
| 000 -LEADER | |
|---|---|
| fixed length control field | 02933nam a22007337a 4500 |
| 005 - DATE AND TIME OF LATEST TRANSACTION | |
| control field | 20250819180327.0 |
| 007 - PHYSICAL DESCRIPTION FIXED FIELD--GENERAL INFORMATION | |
| fixed length control field | cr c| |aaaa |
| 008 - FIXED-LENGTH DATA ELEMENTS--GENERAL INFORMATION | |
| fixed length control field | 250819b20251808ag ||||o | a1 spa d |
| 022 ## - INTERNATIONAL STANDARD SERIAL NUMBER | |
| International Standard Serial Number | 2683-8729 |
| 040 ## - CATALOGING SOURCE | |
| Transcribing agency | AR-FvUNAJ |
| Modifying agency | AR-FvUNAJ |
| Description conventions | aacr2 |
| 041 ## - LANGUAGE CODE | |
| Language code of text/sound track or separate title | spa |
| 111 2# - MAIN ENTRY--MEETING NAME | |
| 9 (RLIN) | 21863 |
| Meeting name or jurisdiction name as entry element | Jornadas de Intercambio de Experiencias de Investigación del IEI |
| Number of part/section/meeting | (4ª : |
| Date of meeting | Diciembre de 2023 : |
| Location of meeting | Florencio Varela) |
| 245 10 - TITLE STATEMENT | |
| Title | IV Jornadas de Intercambio de Experiencias de Investigación del IEI / |
| Statement of responsibility, etc | Compilado por Mirta Amati |
| 260 ## - PUBLICATION, DISTRIBUTION, ETC. (IMPRINT) | |
| Place of publication, distribution, etc | Florencio Varela : |
| Name of publisher, distributor, etc | Universidad Nacional Arturo Jauretche, |
| Date of publication, distribution, etc | 2025 |
| 300 ## - PHYSICAL DESCRIPTION | |
| Extent | 127 p. : |
| Other physical details | Digital |
| 520 ## - SUMMARY, ETC. | |
| Summary, etc | Actas de la IV Jornadas de Intercambio de Experiencias de Investigación del IEI. |
| 540 ## - TERMS GOVERNING USE AND REPRODUCTION NOTE | |
| Terms governing use and reproduction | Esta obra está bajo una Licencia Creative Commons Argentina. Atribución - No Comercial - Sin Derivadas 2.5 Argentina (CC BY-NC-ND 2.5 AR) |
| Uniform Resource Identifier | <a href="https://creativecommons.org/licenses/by-nc-nd/2.5/ar/">https://creativecommons.org/licenses/by-nc-nd/2.5/ar/</a> |
| 650 24 - SUBJECT ADDED ENTRY--TOPICAL TERM | |
| 9 (RLIN) | 9032 |
| Topical term or geographic name as entry element | INVESTIGACION CIENTIFICA |
| 650 27 - SUBJECT ADDED ENTRY--TOPICAL TERM | |
| Source of heading or term | unescot |
| 9 (RLIN) | 9400 |
| Topical term or geographic name as entry element | PANDEMIAS |
| 650 27 - SUBJECT ADDED ENTRY--TOPICAL TERM | |
| Source of heading or term | unescot |
| 9 (RLIN) | 946 |
| Topical term or geographic name as entry element | ENSEÑANZA SUPERIOR |
| 650 27 - SUBJECT ADDED ENTRY--TOPICAL TERM | |
| Source of heading or term | unescot |
| 9 (RLIN) | 7623 |
| Topical term or geographic name as entry element | CULTURA DE MASAS |
| 650 27 - SUBJECT ADDED ENTRY--TOPICAL TERM | |
| Source of heading or term | unescot |
| 9 (RLIN) | 4155 |
| Topical term or geographic name as entry element | HISTORIA SOCIAL |
| 650 27 - SUBJECT ADDED ENTRY--TOPICAL TERM | |
| Source of heading or term | unescot |
| 9 (RLIN) | 8034 |
| Topical term or geographic name as entry element | INVESTIGACION HISTORICA |
| 700 1# - ADDED ENTRY--PERSONAL NAME | |
| 9 (RLIN) | 6868 |
| Personal name | Amati, Mirta |
| 700 1# - ADDED ENTRY--PERSONAL NAME | |
| 9 (RLIN) | 20872 |
| Personal name | Bagnato, María Laura |
| 700 1# - ADDED ENTRY--PERSONAL NAME | |
| 9 (RLIN) | 4992 |
| Personal name | Bartalini, Carolina |
| 700 1# - ADDED ENTRY--PERSONAL NAME | |
| 9 (RLIN) | 20258 |
| Personal name | Basile, Cristina Alejandra |
| 700 1# - ADDED ENTRY--PERSONAL NAME | |
| 9 (RLIN) | 14622 |
| Personal name | Biaggini, Martin Alejandro |
| 700 1# - ADDED ENTRY--PERSONAL NAME | |
| 9 (RLIN) | 2106 |
| Personal name | Bifano, Fernando J. |
| 700 1# - ADDED ENTRY--PERSONAL NAME | |
| 9 (RLIN) | 16157 |
| Personal name | Catalá del Río, Paloma |
| 700 1# - ADDED ENTRY--PERSONAL NAME | |
| 9 (RLIN) | 11205 |
| Personal name | Cecchi, Ana |
| 700 1# - ADDED ENTRY--PERSONAL NAME | |
| 9 (RLIN) | 6863 |
| Personal name | Delgado, Julián |
| 700 1# - ADDED ENTRY--PERSONAL NAME | |
| 9 (RLIN) | 2687 |
| Personal name | Escobar, Mariela |
| 700 1# - ADDED ENTRY--PERSONAL NAME | |
| 9 (RLIN) | 21640 |
| Personal name | Fernández, Claudia |
| 700 1# - ADDED ENTRY--PERSONAL NAME | |
| 9 (RLIN) | 18551 |
| Personal name | Freschi, Romina |
| 700 1# - ADDED ENTRY--PERSONAL NAME | |
| 9 (RLIN) | 1591 |
| Personal name | Garbarini, Mónica |
| 700 1# - ADDED ENTRY--PERSONAL NAME | |
| 9 (RLIN) | 21864 |
| Personal name | García, Victoria |
| 700 1# - ADDED ENTRY--PERSONAL NAME | |
| 9 (RLIN) | 636 |
| Personal name | González Velasco, Carolina |
| 700 1# - ADDED ENTRY--PERSONAL NAME | |
| 9 (RLIN) | 1597 |
| Personal name | Grammático, Karin |
| 700 1# - ADDED ENTRY--PERSONAL NAME | |
| 9 (RLIN) | 6872 |
| Personal name | Herrera, Nicolás |
| 700 ## - ADDED ENTRY--PERSONAL NAME | |
| 9 (RLIN) | 1585 |
| Personal name | Itchart, Laura |
| 700 1# - ADDED ENTRY--PERSONAL NAME | |
| 9 (RLIN) | 2054 |
| Personal name | Kaplan, Laura Sabina |
| 700 1# - ADDED ENTRY--PERSONAL NAME | |
| 9 (RLIN) | 20308 |
| Personal name | Koval, Martin |
| 700 1# - ADDED ENTRY--PERSONAL NAME | |
| 9 (RLIN) | 21865 |
| Personal name | Lenga, Jésica |
| 700 1# - ADDED ENTRY--PERSONAL NAME | |
| 9 (RLIN) | 2690 |
| Personal name | López D'Amato, Silvia |
| 700 1# - ADDED ENTRY--PERSONAL NAME | |
| 9 (RLIN) | 2105 |
| Personal name | Lupinacci, Leonardo J. |
| 700 1# - ADDED ENTRY--PERSONAL NAME | |
| 9 (RLIN) | 20316 |
| Personal name | Meddis, Lucas |
| 700 1# - ADDED ENTRY--PERSONAL NAME | |
| 9 (RLIN) | 4997 |
| Personal name | Merino, Mercedes |
| 700 1# - ADDED ENTRY--PERSONAL NAME | |
| 9 (RLIN) | 14173 |
| Personal name | Mórtola, Gustavo |
| 700 1# - ADDED ENTRY--PERSONAL NAME | |
| 9 (RLIN) | 21866 |
| Personal name | Pacheco, Antonella |
| 700 1# - ADDED ENTRY--PERSONAL NAME | |
| 9 (RLIN) | 21867 |
| Personal name | Payan Melendi, Anahí |
| 700 1# - ADDED ENTRY--PERSONAL NAME | |
| 9 (RLIN) | 20873 |
| Personal name | Rispoli, María Florencia |
| 700 1# - ADDED ENTRY--PERSONAL NAME | |
| 9 (RLIN) | 4999 |
| Personal name | Sáez, Rodrigo |
| 700 1# - ADDED ENTRY--PERSONAL NAME | |
| 9 (RLIN) | 2220 |
| Personal name | Schuttenberg, Mauricio |
| 700 1# - ADDED ENTRY--PERSONAL NAME | |
| 9 (RLIN) | 14608 |
| Personal name | Solana, Mariela |
| 700 ## - ADDED ENTRY--PERSONAL NAME | |
| 9 (RLIN) | 1213 |
| Personal name | Sozzi, Martín |
| 700 1# - ADDED ENTRY--PERSONAL NAME | |
| 9 (RLIN) | 21870 |
| Personal name | Steimberg, Darío |
| 700 1# - ADDED ENTRY--PERSONAL NAME | |
| 9 (RLIN) | 6874 |
| Personal name | Tejero Yosovitch, Yael Natalia |
| 700 1# - ADDED ENTRY--PERSONAL NAME | |
| 9 (RLIN) | 6860 |
| Personal name | Vinelli, Elena Elvira |
| 856 ## - ELECTRONIC LOCATION AND ACCESS | |
| Electronic format type | application/pdf |
| Uniform Resource Identifier | <a href="https://rid.unaj.edu.ar/handle/123456789/3347">https://rid.unaj.edu.ar/handle/123456789/3347</a> |
| 942 ## - ADDED ENTRY ELEMENTS (KOHA) | |
| Source of classification or shelving scheme | Dewey Decimal Classification |
| Item type | Revista o publicación periódica |
| 980 ## - EQUIVALENCE OR CROSS-REFERENCE-SERIES STATEMENT--PERSONAL NAME/TITLE [LOCAL, CANADA] | |
| Linkage | 20072 |
| Personal name | Matías Regueira |
| Field link and sequence number | 20072 |
| Miscellaneous information | Matías Regueira |
| Withdrawn status | Lost status | Source of classification or shelving scheme | Damaged status | Not for loan | Collection code | Home library | Current library | Date acquired | Total Checkouts | Barcode | Date last seen | Uniform Resource Identifier | Price effective from | Koha item type |
|---|---|---|---|---|---|---|---|---|---|---|---|---|---|---|
| Dewey Decimal Classification | Acceso en línea | + Investigación | Repositorio Institucional Digital UNAJ | Repositorio Institucional Digital UNAJ | 19/08/2025 | RID25080074 | 19/08/2025 | https://rid.unaj.edu.ar/handle/123456789/3347 | 19/08/2025 | Libro electrónico |